000 01026nam2a22002531 4500
001 v19\rc\1743927
005 20250619082753.0
035 _a(NLR Aleph) 004889558
090 _a5256345
_c5256345
100 _a20061204d1902 |||y0rusy50 ca
101 0 _arus
102 _aRU
105 _ay z |||||
200 0 _a[1]
215 _a31 с.
461 0 _1001v19\rc\1743926
_12001#$aК вопросу о личном составе железных дорог$e[1]-3$v[1]
_1700#1$aКорвин-Пиотровский$bЛ.В.$f1866-$gЛюдвиг Владиславович
_95256337
_aКорвин-Пиотровский, Л.В. (1866-)
_cСанкт-Петербург
_d1902
_nтип. Уч-ща глухонемых
_o[1]-3
_p2 отт.
_tК вопросу о личном составе железных дорог
_v[1]
801 0 _aRU
_bNLR
_gpsbo
801 0 _aRU
_bRuMoRGB
_2psbo
801 1 _aRU
_bProSoft-M
_2rusmarc
852 _aNLR
_j34.83.3.178
899 _aRuMoRGB
_jA 296/270
899 _aБАН
942 _cBOOK
980 _aNB